000 00872nam a2200277 c 4500
003 BLK
005 20180422115615.0
008 180411b bul|||||r ||||||| ||bul||
010 _aKNG00197658000
040 _aBLK
041 _aBUL
_cBUL
080 _aБългарска литература
_b821.163.2
_x-32
_z821.163.2-32
100 1 _aЦонев, Пламен
_eпърви автор
_9377126
139 _aЦонев, Пламен
_bЦ 80
245 1 0 _aЗатвореният кръг
_bРоман
_cПламен Цонев.
257 _aBGR
260 София
_bНар. младеж
_c1989
300 _a175 с.
_c20 см
380 _aX
500 _a1. изд. 1970
852 _aЦб 159341
856 4 _qpdf
_u
856 4 _qpdf
_u
942 _cKNG
_n0
944 _aCR
_c08.12.2016
_kВиолета_Тройчева
944 _aED
_c08.12.2016
_kГеновева_Генчева
999 _c188639
_d188639